[Event "Sebes GP op"]
[Site "Sebes"]
[Date "2023.11.05"]
[Round "8"]
[White "Arion, Ilie"]
[Black "Dobre, Claudiu Cristian"]
[Result "0-1"]
[WhiteElo "1865"]
[BlackElo "2259"]
[PlyCount "100"]
[EventDate "2023.11.04"]
[EventType "swiss"]
[EventRounds "10"]
[EventCountry "ROU"]
[SourceTitle "CB46_2023"]
[SourceDate "2023.11.15"]
[SourceVersion "1"]
[SourceVersionDate "2023.11.15"]
[SourceQuality "1"]

1. d4 d5 2. c4 c6 3. Nf3 Nf6 4. e3 Bg4 5. h3 Bxf3 6. Qxf3 e6 7. Nc3 Bb4 8. Bd2 Nbd7 9. cxd5 exd5 10. Bd3 0-0 11. 0-0 Re8 12. a3 Bxc3 13. Bxc3 Ne4 14. Rfc1 Nxc3 15. Rxc3 a5 16. b3 Nf6 17. Rb1 Ne4 18. Rc2 Re6 19. Bxe4 dxe4 20. Qf5 Qb6 21. Qc5 Qxc5 22. Rxc5 g6 23. Rc3 Ra6 24. b4 Rb6 25. Rcb3 axb4 26. Rxb4 Rxb4 27. axb4 Kf8 28. Ra1 Rd6 29. Ra7 Rd7 30. Kf1 Ke7 31. Ke1 Kd6 32. Kd2 Kc7 33. Kc3 Rd5 34. Kc4 Rg5 35. g3 Rf5 36. Ra2 h5 37. Rd2 Kd6 38. Rb2 b5+ 39. Kc3 g5 40. g4 Rf3 41. gxh5 Rxh3 42. Ra2 Rh2 43. h6 Rxh6 44. Ra7 Rf6 45. d5 Kxd5 46. Rd7+ Ke6 47. Rc7 Kd6 48. Rc8 Rxf2 49. Kd4 f5 50. Rg8 Rd2+ 0-1

[Event "ROM-ch"]
[Site "Sebes"]
[Date "2023.02.19"]
[Round "1"]
[White "Arion, Ilie"]
[Black "Magold, Filip"]
[Result "0-1"]
[WhiteElo "1919"]
[BlackElo "2324"]
[PlyCount "110"]
[EventDate "2023.02.19"]
[EventType "swiss"]
[EventRounds "9"]
[EventCountry "ROU"]
[SourceTitle "CBM 212 Extra"]
[Source "ChessBase"]
[SourceDate "2023.03.31"]
[SourceVersion "1"]
[SourceVersionDate "2023.03.31"]
[SourceQuality "1"]

1. d4 Nf6 2. c4 e6 3. g3 c5 4. d5 exd5 5. cxd5 d6 6. Bg2 g6 7. Nf3 Bg7 8. Nc3 0-0 9. 0-0 Re8 10. Nd2 a6 11. a4 Nbd7 12. h3 Rb8 13. Nc4 Ne5 14. Na3 Nh5 15. e4 Bd7 16. a5 Qxa5 17. Nc2 Qb6 18. g4 Nf6 19. f4 Nc4 20. Rb1 Na5 21. Be3 Nc4 22. Bc1 h5 23. g5 Nh7 24. Qf3 Re7 25. Kh1 Qc7 26. b3 Na5 27. Bd2 b5 28. f5 Be5 29. Ne2 Kh8 30. h4 b4 31. Nf4 Rg8 32. Rfc1 gxf5 33. Qxh5 Qd8 34. g6 fxg6 35. Nxg6+ Rxg6 36. Qxg6 Rg7 37. Qh6 Qf6 38. Qxf6 Nxf6 39. Bg5 Nh5 40. Bf3 Ng3+ 41. Kg2 fxe4 42. Bd1 Nf5 43. Kf1 Bb5+ 44. Ke1 Bg3+ 45. Kd2 Rxg5 46. hxg5 e3+ 47. Nxe3 Bf4 48. Kc2 Nxe3+ 49. Kb2 Be5+ 50. Ka2 Nxd1 51. Rxd1 c4 52. Rbc1 cxb3+ 53. Kb1 Nc4 54. Rh1+ Kg7 55. Rcg1 b2 0-1

[Event "ROM-chT Rapid"]
[Site "Sebes"]
[Date "2022.12.03"]
[Round "2.18"]
[White "Arion, Ilie"]
[Black "Ileana, George"]
[Result "0-1"]
[WhiteElo "1924"]
[BlackElo "2343"]
[PlyCount "93"]
[EventDate "2022.12.03"]
[EventType "team-swiss (rapid)"]
[EventRounds "8"]
[EventCountry "ROU"]
[SourceTitle "CBM 211 Extra"]
[Source "ChessBase"]
[SourceDate "2023.01.31"]
[SourceVersion "1"]
[SourceVersionDate "2023.01.31"]
[SourceQuality "1"]
[WhiteTeam "Cugir CSO"]
[BlackTeam "Alba Iulia Unirea"]
[WhiteTeamCountry "ROU"]
[BlackTeamCountry "ROU"]

1. d4 Nf6 2. c4 e6 3. g3 Bb4+ 4. Bd2 Qe7 5. Nc3 0-0 6. Nf3 d6 7. Bg2 Nbd7 8. 0-0 e5 9. d5 a5 10. b3 Bc5 11. e4 Ne8 12. Ne1 g6 13. Nd3 Bd4 14. Rc1 Ng7 15. Nb5 Bb6 16. a3 c6 17. Nc3 Nc5 18. Nb2 Na6 19. Nca4 Bd4 20. Bxa5 Nc5 21. Bb4 Nxa4 22. Nxa4 c5 23. Bc3 Bd7 24. Bxd4 exd4 25. Re1 Ra6 26. f4 b5 27. cxb5 Bxb5 28. Bf1 Bxf1 29. Kxf1 Qb7 30. Qd3 Rb8 31. Rb1 Nh5 32. Rec1 Nf6 33. Re1 Ra5 34. Red1 Qb5 35. Qxb5 Raxb5 36. e5 Nxd5 37. Ke2 dxe5 38. fxe5 c4 39. Rxd4 cxb3 40. Kd3 Ne7 41. Kc3 Rxe5 42. Rb4 Nd5+ 43. Kd4 Nxb4 44. Kxe5 Nc2 45. Nc5 b2 46. Nd3 Nxa3 47. Ra1 0-1

[Event "ROM-chT Rapid"]
[Site "Sebes"]
[Date "2022.12.03"]
[Round "7.22"]
[White "Arion, Ilie"]
[Black "Ionescu, Mihai"]
[Result "0-1"]
[WhiteElo "1924"]
[BlackElo "2243"]
[PlyCount "214"]
[EventDate "2022.12.03"]
[EventType "team-swiss (rapid)"]
[EventRounds "8"]
[EventCountry "ROU"]
[SourceTitle "CBM 211 Extra"]
[Source "ChessBase"]
[SourceDate "2023.01.31"]
[SourceVersion "1"]
[SourceVersionDate "2023.01.31"]
[SourceQuality "1"]
[WhiteTeam "Cugir CSO"]
[BlackTeam "Family Giroc"]
[WhiteTeamCountry "ROU"]
[BlackTeamCountry "ROU"]

1. d4 Nf6 2. c4 Nc6 3. Nf3 e6 4. g3 Bb4+ 5. Bd2 Qe7 6. Nc3 0-0 7. Bg2 Bxc3 8. Bxc3 Ne4 9. Rc1 d6 10. 0-0 Nxc3 11. Rxc3 e5 12. d5 Nb8 13. Qc1 b6 14. b4 a5 15. a3 axb4 16. axb4 Bg4 17. e4 Bxf3 18. Bxf3 Nd7 19. Ra3 Rfb8 20. Rxa8 Rxa8 21. Qc3 Qd8 22. Ra1 Qb8 23. Bg4 Nf6 24. Bf3 Ra7 25. Rxa7 Qxa7 26. Kg2 g6 27. h3 h5 28. h4 Kg7 29. Qb2 Qa4 30. Qc3 Nd7 31. Qd2 Qb3 32. Be2 Nf6 33. Bd3 Qa3 34. Kh2 Qa1 35. Kg2 Qd4 36. Qc2 Ng4 37. Bf1 Kh7 38. Kg1 Nf6 39. Bd3 Qa1+ 40. Qb1 Qa3 41. Kg2 Qc3 42. Be2 Qd2 43. Bf3 Qd4 44. Qc2 Kg7 45. Kg1 Qa1+ 46. Kg2 Qa3 47. Qd2 Nd7 48. Bxh5 Kf8 49. Be2 Nf6 50. Bf3 Qb3 51. Qh6+ Ke7 52. h5 gxh5 53. Bxh5 Qxc4 54. Bf3 Qd4 55. Qh8 Nxe4 56. Qh4+ Nf6 57. Qxd4 exd4 58. Kf1 Nd7 59. Ke2 Ne5 60. Be4 Kf6 61. f4 Ng4 62. Kd3 Nh6 63. Kxd4 Ke7 64. Kc4 Ng4 65. Bf3 Ne3+ 66. Kd3 Nf5 67. g4 Ng7 68. Be4 f6 69. Bg6 Kd7 70. Ke4 c5 71. b5 Ke7 72. g5 fxg5 73. fxg5 Ne8 74. Kd3 Nc7 75. Kc4 Kf8 76. Be4 Ne8 77. Bf5 Kf7 78. Be4 Ng7 79. Bf5 Nh5 80. Bd3 Ng3 81. Kc3 Kg7 82. Bf5 Nh5 83. Kc4 Nf4 84. Bd3 Ne2 85. Be4 Nd4 86. g6 Kf6 87. Bd3 Nf3 88. Bc2 Ne5+ 89. Kc3 Nxg6 90. Kc4 Nf4 91. Bh7 Ke5 92. Bg8 Ng2 93. Kd3 Nf4+ 94. Kc4 Ke4 95. Bh7+ Ke3 96. Bg8 Ng6 97. Bh7 Ne5+ 98. Kc3 Nd7 99. Kc4 Kd2 100. Bf5 Ne5+ 101. Kb3 Nf3 102. Kc4 Ne1 103. Be6 Nc2 104. Kb3 Ne3 105. Bg8 c4+ 106. Kb4 c3 107. Bh7 c2 0-1

[Event "ROM-chT Rapid"]
[Site "Sebes"]
[Date "2022.12.03"]
[Round "3.26"]
[White "Nagy Elek, Tamas"]
[Black "Arion, Ilie"]
[Result "0-1"]
[WhiteElo "1979"]
[BlackElo "1924"]
[PlyCount "96"]
[EventDate "2022.12.03"]
[EventType "team-swiss (rapid)"]
[EventRounds "8"]
[EventCountry "ROU"]
[SourceTitle "CBM 211 Extra"]
[Source "ChessBase"]
[SourceDate "2023.01.31"]
[SourceVersion "1"]
[SourceVersionDate "2023.01.31"]
[SourceQuality "1"]
[WhiteTeam "Targu Mures Juvenes"]
[BlackTeam "Cugir CSO"]
[WhiteTeamCountry "ROU"]
[BlackTeamCountry "ROU"]

1. e4 d6 2. d4 Nf6 3. Nc3 g6 4. Be3 c6 5. a4 Nbd7 6. h3 e5 7. Nf3 Bg7 8. dxe5 Nxe5 9. Nxe5 dxe5 10. Qxd8+ Kxd8 11. 0-0-0+ Kc7 12. Bc4 Be6 13. Bxe6 fxe6 14. Rd2 a5 15. Rhd1 h6 16. Bc5 Bf8 17. Bd6+ Bxd6 18. Rxd6 Rhe8 19. R6d3 Rad8 20. Rxd8 Rxd8 21. Rxd8 Kxd8 22. Kd2 Ke7 23. Ke3 Kd6 24. Nb1 Kc5 25. c3 b5 26. axb5 cxb5 27. Nd2 a4 28. Kd3 Nh5 29. g3 Nf6 30. Nf3 Nd7 31. Nh4 Nf8 32. Ng2 b4 33. Ne3 Nd7 34. Kc2 Nf6 35. Ng4 Nxg4 36. hxg4 Kc4 37. cxb4 Kxb4 38. f4 exf4 39. gxf4 Kc4 40. f5 exf5 41. exf5 gxf5 42. gxf5 Kd5 43. Kd3 Ke5 44. Ke3 Kxf5 45. Kf3 Ke5 46. Kg4 Kd4 47. Kh5 Kc4 48. Kxh6 Kd4 0-1

[Event "Cluj Spring Cup"]
[Site "Cluj"]
[Date "2022.05.21"]
[Round "3"]
[White "Balaceanu, David"]
[Black "Arion, Ilie"]
[Result "0-1"]
[WhiteElo "1569"]
[BlackElo "1750"]
[PlyCount "48"]
[EventDate "2022.05.20"]
[EventType "swiss"]
[EventRounds "6"]
[EventCountry "ROU"]
[SourceTitle "EXT 2023"]
[Source "ChessBase"]
[SourceDate "2022.10.05"]
[SourceVersion "1"]
[SourceVersionDate "2022.10.05"]
[SourceQuality "1"]

1. e4 d6 2. g3 Nf6 3. Bg2 g6 4. h3 Bg7 5. d4 0-0 6. Ne2 c5 7. Be3 cxd4 8. Nxd4 d5 9. Nc3 e5 10. exd5 exd4 11. Bxd4 Re8+ 12. Be3 Bf5 13. g4 Be4 14. Nxe4 Nxe4 15. Qd3 Bxb2 16. Rb1 Qa5+ 17. Kf1 Qxa2 18. Rxb2 Qxb2 19. Bxe4 Nd7 20. Bd4 Qc1+ 21. Kg2 Qf4 22. f3 Ne5 23. Qc3 Rac8 24. Qb4 Nxf3 0-1

[Event "Romanian op"]
[Site "Alba Iulia"]
[Date "2021.11.24"]
[Round "5"]
[White "Arion, Ilie"]
[Black "Sava, Robert Gabriel"]
[Result "1-0"]
[WhiteElo "1758"]
[BlackElo "1735"]
[PlyCount "125"]
[EventDate "2021.11.21"]
[EventType "swiss"]
[EventRounds "9"]
[EventCountry "ROU"]
[SourceTitle "CBM 205 Extra"]
[Source "ChessBase"]
[SourceDate "2022.01.31"]
[SourceVersion "1"]
[SourceVersionDate "2022.01.31"]
[SourceQuality "1"]

1. d4 Nf6 2. c4 e6 3. g3 Bb4+ 4. Bd2 Qe7 5. a3 Bxd2+ 6. Nxd2 Nc6 7. Ngf3 d6 8. Bg2 0-0 9. 0-0 a5 10. Qc2 e5 11. d5 Nb8 12. e4 Na6 13. b3 c6 14. Rfe1 Bg4 15. h3 Bxf3 16. Nxf3 Qd7 17. Nh4 cxd5 18. exd5 b5 19. cxb5 Rac8 20. Qd2 Qxb5 21. Nf5 Qd7 22. Qg5 g6 23. Qxf6 Qxf5 24. Qxd6 Rc2 25. f4 exf4 26. Qxf4 Rxg2+ 27. Kxg2 Qxd5+ 28. Qf3 Qd6 29. Re2 Nc5 30. b4 axb4 31. axb4 Ne6 32. Qe4 Rb8 33. Ra8 Rxa8 34. Qxa8+ Kg7 35. Qe4 Qb6 36. Rf2 Ng5 37. Qd5 f5 38. h4 Ne4 39. Rb2 Qc7 40. Qd4+ Kg8 41. Qe3 Qe5 42. Qb3+ Kg7 43. Rc2 Nf6 44. Qd3 f4 45. gxf4 Qxf4 46. Rc4 Qe5 47. Rd4 h5 48. b5 Qc7 49. Qc4 Qb7+ 50. Qc6 Qe7 51. Qf3 Qc5 52. Qd3 Qc7 53. Rd6 Qc8 54. Qd4 Qc2+ 55. Kg3 Qb3+ 56. Kf4 Kh6 57. Qxf6 Qc4+ 58. Qd4 Qf1+ 59. Ke3 Qg1+ 60. Kd2 Qg2+ 61. Kc3 Qg3+ 62. Kc4 Kh7 63. Rd7+ 1-0

[Event "Romanian op"]
[Site "Alba Iulia"]
[Date "2021.11.24"]
[Round "6"]
[White "Gheorghiu, Calin"]
[Black "Arion, Ilie"]
[Result "1-0"]
[WhiteElo "2294"]
[BlackElo "1758"]
[PlyCount "49"]
[EventDate "2021.11.21"]
[EventType "swiss"]
[EventRounds "9"]
[EventCountry "ROU"]
[SourceTitle "CBM 205 Extra"]
[Source "ChessBase"]
[SourceDate "2022.01.31"]
[SourceVersion "1"]
[SourceVersionDate "2022.01.31"]
[SourceQuality "1"]

1. e4 d6 2. d4 Nf6 3. Nc3 g6 4. f4 Bg7 5. Nf3 c5 6. dxc5 Qa5 7. Qd3 0-0 8. Qb5 Qc7 9. cxd6 exd6 10. Bd3 a6 11. Qg5 h6 12. Qh4 b5 13. 0-0 b4 14. Nd5 Nxd5 15. exd5 Qc5+ 16. Kh1 f5 17. Qg3 Kh7 18. Nh4 Rf6 19. b3 Qxd5 20. Bb2 Qf7 21. Bc4 Be6 22. Bxf6 Qxf6 23. Bxe6 Qxe6 24. Rae1 Qf6 25. Re8 1-0

[Event "ROM-ch U10"]
[Site "Calimanesti"]
[Date "2014.04.09"]
[Round "4"]
[White "Sarbu, Zeno Iulius"]
[Black "Arion, Ilie"]
[Result "0-1"]
[WhiteElo "1405"]
[BlackElo "1262"]
[PlyCount "42"]
[EventDate "2014.04.06"]
[EventType "swiss"]
[EventRounds "9"]
[EventCountry "ROU"]
[SourceTitle "CBM 160 Extra"]
[Source "ChessBase"]
[SourceDate "2014.07.01"]
[SourceVersion "1"]
[SourceVersionDate "2014.07.01"]
[SourceQuality "1"]

1. e4 d5 2. exd5 Qxd5 3. Nc3 Qd6 4. d4 a6 5. Nf3 b5 6. g3 Bb7 7. Bg2 Nf6 8. 0-0 e6 9. Ne5 Bxg2 10. Kxg2 Be7 11. Qf3 c6 12. Bf4 Qxd4 13. Rfd1 Qb6 14. Bg5 0-0 15. Ne4 Nd5 16. Bxe7 Nxe7 17. Nd7 Nxd7 18. Rxd7 Ng6 19. Nf6+ gxf6 20. Qxf6 Qc5 21. Rad1 Qf5 0-1